000 004390000a22001810004500
003 MACL
005 20160120115201.0
008 160120b xxu||||| |||| 00| 0 eng d
040 _aMACL
_cMACL
041 _aEnglish
082 _a305.235/VEE
100 _aVeerman, David
_933475
245 _aUnder Standing
260 _bMagna Publication
_c2000
_aMumbai
350 _a175
650 _aSociology
_933476
942 _cBK
_k305.25/Vee
_2ddc
999 _c31828
_d31828